Hardware + building supply dealer

Detalles Bibliográficos
Título anterior:Home channel news
Formato: Electrónico Revista
Lenguaje:inglés
Publicado: New York, NY : Lebhar-Friedman, Inc., 2015-
Materias:
Acceso en línea:Full text available from Research Library: 2015 to present

MARC

LEADER 00000nas a22000007i 4500
001 ssj0001492324
003 WaSeSS
005 20200512172242.0
006 m d
007 cr n
008 141212c20159999nyumn p s 0 a0eng
010 |a  2016201049 
022 |a 2470-3826  |y 2376-5852 
032 |a 360730  |b USPS 
035 |a (WaSeSS)ssj0001492324 
037 |b Lebhar Friedman, Inc., 425 Park Avenue, New York, N.Y. 10022 
040 |a DLC  |b eng  |c CUD  |d Z5A  |d OCLCO  |d DLC  |d OCLCF  |d OCLCQ  |d WaSeSS 
042 |a pcc  |a nsdp 
043 |a n-us--- 
082 0 0 |a 338.47683  |2 23 
222 0 |a Hardware + building supply dealer  |b (Online) 
245 0 0 |a Hardware + building supply dealer  |h [electronic resource]. 
246 1 |a Hardware plus building supply dealer 
260 |a New York, NY :  |b Lebhar-Friedman, Inc.,  |c 2015- 
310 |a Monthly with combined issues for January/February and November/December 
362 1 |a Began with: Vol. 41, no. 1 (January/February 2015). 
506 |a License restrictions may limit access. 
538 |a Mode of access: World Wide Web. 
588 |a Description based on: Vol. 41, no 1 (January/February 2015); title from Journal information page (Proquest website, viewed on January 15, 2016). 
588 |a Latest issue consulted: Vol. 41, no. 9 (October 2015) (viewed on January 15, 2016). 
650 0 |a Building materials industry  |z United States  |v Periodicals. 
650 0 |a Do-it-yourself products industry  |z United States  |v Periodicals. 
650 7 |a Building materials industry.  |2 fast  |0 (OCoLC)fst00840771 
650 7 |a Do-it-yourself products industry.  |2 fast  |0 (OCoLC)fst00895994 
651 7 |a United States.  |2 fast  |0 (OCoLC)fst01204155 
655 0 |a Electronic journals. 
776 0 8 |i Print version:  |t Hardware + building supply dealer  |x 2376-5852  |w (DLC) 2014271436  |w (OCoLC)898077423 
780 0 0 |t Home channel news  |x 1538-7348  |w (DLC) 2002212239  |w (OCoLC)48879938 
856 4 0 |z Full text available from Research Library: 2015 to present  |u https://search.proquest.com/publication/27508